000 00375nam a2200145Ia 4500
008 230917s9999||||xx |||||||||||||| ||und||
040 _e187761
_aMAIN
041 _aEnglish
082 _a320.954 M726V
100 _aMohan, Surendra
245 0 _aVartaman rajniti ki jwalant chunautiyan
260 _aNew Delhi
_bAnamika Publishers
_c2011
300 _a222 p.
942 _cBK
999 _c162401
_d162401